000
00303nam a22001337a 4500
008
171124b xxu||||| |||| 00| 0 eng d
020
_a
9781133960836
041
_a
eng
080
_a
331.101.262
100
_a
52
101
_a
BNJ
245
_a
EFFECTIVE HUMAN RELATIONS
_c
REECE, B.L
942
_2
udc
_c
BK
999
_c
38466
_d
38466